000 00686nam a2200205 4500
001 111672
003 ES-MaACL
005 20250826083349.0
007 t|
008 061121s1984 sz r ||||1| spa d
020 _a92-2-303392-6
110 2 _aOrganización Internacional del Trabajo
_96067
245 1 3 _aLa prevención de los accidentes
_b: manual de educación obrera /
_cOrganización Internacional del Trabajo.
250 _a2ª. ed.
260 _aGinebra :
_bOficina Internacional del Trabajo,
_c1984.
300 _aX, 198 p. ;
_c24 cm.
710 1 _aOficina Internacional del Trabajo
_96023
852 _aES-MaACL
_jL-11237
_bR.112846
999 _c111672
_d111672